000 00517cam a2200157 4500500
005 20260329012951.0
041 _afre
042 _adc
100 1 0 _aTesson, Sylvain
_eauthor
700 1 0 _aSibony, Judith
_eauthor
245 0 0 _aSylvain Tesson. « Nous autres, Français »
260 _c2022.
500 _a34
786 0 _nRevue des deux Mondes | Mai-Jui | 4 | 2022-06-01 | p. 10-20 | 2266-4734
856 4 1 _uhttps://shs.cairn.info/revue-revue-des-deux-mondes-2022-4-page-10?lang=fr&redirect-ssocas=7080
999 _c1875983
_d1875983